000
00325 a2200157 4500
001
190583
020
_a
978-1-4240-4653-9
040
_c
Magnum
100
_a
Thomlinson, Julian
240
1
0
_a
Soccer crazy
_l
ING
245
1
0
_a
Soccer crazy
300
_a
30
362
0
_a
2011
697
_a
LITERATURA INGLESA
942
_c
BK
999
_c
190583
_d
190583